000 00991nam a2200289 a 4500
001 24746
003 BD-RjUL
005 20211209001107.0
008 140315r19941989enk b 001 0 eng
020 _a0198227744 :
020 _a0198202563
035 _a(BD-RjUL)24815
040 _aDLC
_cDLC
_dDLC
_dBD-RjUL
_beng
041 _aeng
082 0 0 _a942.105
_219
_bBRL 1994
100 1 _aBrigden, Susan,
_d1951-
_976166
245 1 0 _aLondon and the Reformation /
_cSusan Brigden.
260 _aOxford :
_bClarendon Press ;
_aNew York :
_bOxford University Press,
_cc1989 [Reprinted 1994].
300 _axix, 676 p. ;
_c23 cm.
504 _aIncludes bibliographical references (p. 640-647) and index.
650 0 _aReformation
_zEngland
_zLondon.
_976167
651 0 _aLondon (England)
_xHistory
_y16th century.
_976153
856 4 2 _3Publisher description
_uhttp://www.loc.gov/catdir/enhancements/fy0639/89016260-d.html
942 _2ddc
_cBK
999 _c24746
_d24746